000 00760nam a22002297a 4500
005 20170124110157.0
010 _aA-216165
020 _c00.00
_a0835916200
035 _aA-216165
037 _bCen Lib/Ret
040 _aDPL
_bEN
082 _a621.56
_bMAH
100 _aMahoney, Edward F.
_935330
245 _aElectricity for air conditioning and refrigeration technicians /
_cby Edward F. Mahoney
260 _aReston
_bReston Publishing
_c1980
270 _bVerginia
_e22090
300 _axi,317p. :
_c21cm(Hb)
_bill.
500 _aIncludes index
650 _aAir conditioning -- Electric equipment
_935331
650 _aRefrigeration and refrigerating machinery -- Electric equipment
_v
_935332
942 _2ddc
_cEN
_h621.56
_mMAH
999 _c132625
_d132625